333 olvasógyakorlat: bevezetó a Magyar Népzenébe

Gardado en:
Detalles Bibliográficos
Autor Principal: Kodály, Zoltán (Author)
Formato: Libro
Idioma:húngaro
Publicado: Budapest Musica Budapest 1941
Edición:1a. ed
Subjects:
Tags: Engadir etiqueta
Sen Etiquetas, Sexa o primeiro en etiquetar este rexistro!

MARC

LEADER 00000nam a2200000 a 4500
001 UCK7472
003 CL-VaPUC
008 051125e19410000HU |||||||||||||||||hun|d
082 0 4 |a 781.424  |b KOD  |2 21 
100 |a Kodály, Zoltán  |e author  |9 467037 
245 1 0 |a 333 olvasógyakorlat: bevezetó a Magyar Népzenébe 
250 |a 1a. ed 
300 |a 59 p 
942 |c BK 
945 |d 20051125 00:00:00  |a cmena 
260 |a Budapest  |b Musica Budapest  |c 1941 
650 0 |a Educación musical   |9 310072 
650 7 |a EJERCICIOS MUSICALES  |2 CL-VaPUC  |9 459948 
650 0 |a Estudio e instrucción  |9 306288 
650 7 |a EJECUCION MUSICAL  |2 CL-VaPUC  |9 460050 
583 |a last modification  |c 20051125 00:00:00  |k Rodrigo Vera 
999 |c 315382  |d 315380